000 00784nam a2200277 i 4500
001 C2-0219186
003 PPAK
005 20180728111500.0
008 990823s1997 my a|||| ||||| | may d
020 _a9678102382
040 _aPPAK
_beng
_cPPAK
_erda
082 0 4 _a333.7
_2 23
090 0 0 _a333.7
_bPEC
_dRK
100 1 _aPeckham, Alexander,
_eauthor
245 1 0 _aKawalan sumber
264 1 _aKuala Lumpur :
_bVinpress Sdn. Bhd. ,
_c1997
300 _a36 pages :
_bcolour illustrations ;
_c29 cm
336 _2rdacontent
_atext
337 _2rdamedia
_aunmediated
338 _2rdacarrier
_avolume
490 1 _aIsu Hijau
500 _aJudul asal : Resources Control
650 1 0 _aNonrenewable natural resources - Management
830 0 _aIsu Hijau
942 _ddc
_cB
999 _c161811
_d161811